| 000 | 01452nam a22003255a 4500 | ||
|---|---|---|---|
| 003 | EG-ScBUE | ||
| 005 | 20211125094404.0 | ||
| 008 | 170214s2007 ua o f 000 pbara d | ||
| 017 | _a2007 / 2925 | ||
| 020 | _a9775307279 | ||
| 040 |
_aEG-ScBUE _bara _erda _cEG-ScBUE _dEG-ScBUE |
||
| 082 | 0 | 4 |
_a892.716 _bق ب ا _222 |
| 100 | 1 |
_aقباني، نزار، _d1923-1998، _eمؤلف. |
|
| 245 | 1 | 0 |
_aنزار قباني : _bشاعر النساء والثورة : الأعمال الكاملة : سياسة - حب - أغاني - نزاريات - ألبوم / _cدراسة وإعداد مؤمن المحمدي. |
| 246 | 3 | 4 | _aالأعمال الكاملة للشاعر نزار قباني : شاعر الحب والثورة |
| 264 | 1 |
_aالقاهرة : _bكنوز للنشر والتوزيع، _c2007. |
|
| 300 |
_a649 صفحة : _bصور ؛ _c24 سم |
||
| 336 |
_2rdacontent _aنص _btxt |
||
| 337 |
_2rdamedia _aبدون وسيط _bn |
||
| 338 |
_2rdacarrier _aمجلد _bnc |
||
| 600 | 1 | 7 |
_aقباني، نزار، _d1923-1998 _vتراجم. _2BUEsh |
| 650 | 7 |
_aالشعر العربي _zسوريا _yقرن 20. _2BUEsh _934630 |
|
| 650 | 7 |
_aالشعر العربي _xدواوين وقصائد. _2BUEsh _934630 |
|
| 650 | 7 |
_aالشعراء السوريون _xقرن 20 _vتراجم. _2BUEsh |
|
| 651 | _2BUEsh | ||
| 653 |
_bARALIT _bGGEN _cFebruary2017 |
||
| 655 |
_vReading book _934232 |
||
| 700 | 1 |
_aمحمدي، مؤمن، _eمعد. |
|
| 942 | _2ddc | ||
| 999 |
_c24156 _d24128 |
||